00605nam a2200133 a 450000500170000000800410001705000230005810000240008124500650010526000420017052001730021265000600038565000260044520140414131853.0100807s19uu xx 00 eng d aM 591.59bG36 1991 aGaneri, Anita, 1961 aAnimal talk /cby Anita Ganeri ; illustrated by Kate Taylor. aNew York :bAladdin Books Ltd,c1991. aIntroduces the many different ways in which animals communicate with each other including different sounds, scents, movement and color, in a question and answer format. aAnimal communicataionxMiscellaneaxJuvenile Literature aQuestions and answers